| 000 | 01074nam0a22002771 4500 | ||
|---|---|---|---|
| 001 | RU\INFOCOMM_322\NLR\5000263691 | ||
| 005 | 20250614080544.0 | ||
| 035 | _a(NLR Aleph) 010604827 | ||
| 090 |
_a10549612 _c10549612 |
||
| 100 | _a20130325d1967 |||y0rusy50 ca | ||
| 101 | 1 |
_arus _afre _gfre |
|
| 102 | _aRU | ||
| 105 | _ay z|||| | ||
| 200 | 1 |
_aMémento grammatical de la langue russe _fI. M. Poulkina _gSous la dir. du prof. P. S. Kouznétsov, dr. ès sciences _g[Trad. par M. Chtchetinsky et A. Vinogradova] |
|
| 210 |
_aM. _c"Progrès" _d[1967] |
||
| 215 |
_a368 с., 1 л. табл. _cтабл. _d22 см |
||
| 300 | _aНа обороте тит. л.: И. М. Пулькина. Краткий справочник по русской грамматике | ||
| 620 | _aМосква | ||
| 686 |
_aЯ188-1600 фр.г. _2rubbk |
||
| 700 | 1 |
_9z01790 _aPul'kina _bI. M. _gIl'za Maksimilianovna |
|
| 790 | 1 |
_9z01700 _aPoulkina _bI. M. _4070 |
|
| 801 | 1 |
_aRU _bInfocomm _c20130325 |
|
| 801 | 0 |
_aRU _bINFOCOMM _gPSBO |
|
| 852 |
_aNLR _jЯ51 Д-5/1 _y2 экз. |
||
| 942 | _cBOOK | ||
| 980 | _aNB | ||